[Event "Bad Wiessee Senioren Cup 8th"]
[Site "Bad Wiessee"]
[Date "2019.05.14"]
[Round "4"]
[White "Gutt, Oswald"]
[Black "Krivoborodov, Vasily"]
[Result "1/2-1/2"]
[WhiteElo "1932"]
[BlackElo "1460"]
[PlyCount "62"]
[EventDate "2019.05.11"]
[EventType "swiss"]
[EventRounds "9"]
[EventCountry "GER"]
[SourceTitle "EXT 2020"]
[Source "ChessBase"]
[SourceDate "2019.10.17"]
[SourceVersion "1"]
[SourceVersionDate "2019.10.17"]
[SourceQuality "1"]

1. d4 d5 2. Nf3 Nf6 3. c4 c6 4. e3 e6 5. Nc3 Nbd7 6. Bd3 Be7 7. 0-0 0-0 8. Qc2 h6 9. b3 b6 10. Bb2 Bb7 11. Rad1 Rc8 12. Qb1 c5 13. cxd5 exd5 14. Bf5 Ba6 15. Rfe1 c4 16. bxc4 Bxc4 17. Ne5 Bb4 18. Nxc4 Bxc3 19. Bxc3 Rxc4 20. Bb4 Re8 21. Bd3 Rc6 22. Rc1 Qc7 23. Bb5 Rxc1 24. Rxc1 Qb8 25. Qf5 Rc8 26. Rf1 Qc7 27. g3 Nf8 28. Bd6 Qc2 29. Bd3 Qc6 30. Bb5 Qc2 31. Bd3 Qc6 1/2-1/2

[Event "Bad Wiessee Seniors op"]
[Site "Bad Wiessee"]
[Date "2012.04.22"]
[Round "2"]
[White "Aufmwasser, Guenter"]
[Black "Krivoborodov, Vasily"]
[Result "1/2-1/2"]
[WhiteElo "1598"]
[BlackElo "1408"]
[PlyCount "80"]
[EventDate "2012.04.21"]
[EventType "swiss"]
[EventRounds "9"]
[EventCountry "GER"]
[SourceTitle "EXT 2015"]
[Source "ChessBase"]
[SourceDate "2014.11.20"]
[SourceVersion "1"]
[SourceVersionDate "2014.11.20"]
[SourceQuality "1"]

1. f4 Nf6 2. Nf3 Nc6 3. e3 d6 4. Bb5 Bd7 5. 0-0 g6 6. b3 Bg7 7. Bb2 0-0 8. a3 a6 9. Bxc6 Bxc6 10. Qe1 e6 11. d3 Re8 12. Nbd2 b5 13. e4 d5 14. Ne5 Bb7 15. Rd1 Nd7 16. Qg3 c5 17. Ndf3 d4 18. Bc1 f5 19. Rde1 Nf6 20. Ng5 Nh5 21. Qh3 Re7 22. g4 Nf6 23. Qg3 fxg4 24. Nxg4 Nh5 25. Qh3 Qc7 26. e5 Rf8 27. Ne4 Bxe4 28. Rxe4 Ref7 29. Rf3 Rf5 30. Qf1 Qf7 31. Nf2 Bh6 32. Nh3 Qe7 33. Nf2 Bxf4 34. Bxf4 Rxf4 35. Rexf4 Nxf4 36. Ne4 Qh4 37. Kh1 g5 38. Qf2 Qxf2 39. Nxf2 Kf7 40. Ne4 Kg7 1/2-1/2